Vật lí học đại cương

Động học chất điểm. Công và năng lượng. hệ nhiều hạt, va chạm. Chuyển động quay. Dao động. Nhiệt độ. Thuyết động học chất khí. Sức căng mặt ngoài - áp xuất thẩm thấu.

Na minha lista:
Detalhes bibliográficos
Autor principal: Nguyễn, Viết Kính
Formato: Livro
Idioma:Undetermined
Publicado em: Hà Nội Đại học Quốc gia Hà Nội 1998
Assuntos:
Tags: Adicionar Tag
Sem tags, seja o primeiro a adicionar uma tag!
Thư viện lưu trữ: Trung tâm Học liệu Trường Đại học Cần Thơ
LEADER 00925nam a2200217Ia 4500
001 CTU_37034
008 210402s9999 xx 000 0 und d
020 |c 22500 
082 |a 530 
082 |b K312/T.1 
100 |a Nguyễn, Viết Kính 
245 0 |a Vật lí học đại cương 
245 0 |c Nguyễn Viết Kính, Bạch Thành Công, Phan Văn Thích 
260 |a Hà Nội 
260 |b Đại học Quốc gia Hà Nội 
260 |c 1998 
520 |a Động học chất điểm. Công và năng lượng. hệ nhiều hạt, va chạm. Chuyển động quay. Dao động. Nhiệt độ. Thuyết động học chất khí. Sức căng mặt ngoài - áp xuất thẩm thấu. 
650 |a Mechanics,Physics 
650 |x Study and teaching 
904 |i Duy Bằng 
980 |a Trung tâm Học liệu Trường Đại học Cần Thơ